| 000 | 00481 a2200169 4500 | ||
|---|---|---|---|
| 003 | OSt | ||
| 005 | 20231229110441.0 | ||
| 008 | 231229b |||||||| |||| 00| 0 eng d | ||
| 020 | _a9789390678556 | ||
| 040 | _coclc | ||
| 082 |
_a891.433 _bKHE/A |
||
| 100 |
_aKhetan, Prabha _9291 |
||
| 245 |
_aAAO PEPE GHAR CHALEN / _cPrabha Khetan |
||
| 260 |
_aNew Delhi: _bVani Prakashan, _c2021. |
||
| 300 | _a144p | ||
| 942 |
_2ddc _cBK _h891.433 _iKHE/A _k891.433 _mKHE/A |
||
| 999 |
_c43611 _d43611 |
||